[Event "8th ch-Euro"]
[Site "Dresden GER"]
[Date "2007.04.07"]
[Round "5"]
[White "Chapman,Al"]
[Black "Hutchinson,N"]
[Result "0-1"]
[WhiteElo "2069"]
[BlackElo "2110"]
[EventDate "2007.04.03"]

1. e4 c6 2. d4 d5 3. exd5 cxd5 4. c4 Nf6 5. Nc3 Nc6 6. Nf3 Bg4 7. cxd5 Nxd5
8. Bc4 e6 9. O-O Be7 10. h3 Bh5 11. Be3 O-O 12. Qe2 Bf6 13. Rad1 Rc8 14.
Ne4 Be7 15. Bd3 Qa5 16. Bb1 Nf6 17. b4 Nxb4 18. Bd2 Qa6 19. Nxf6+ Bxf6 20.
Bxh7+ Kh8 21. Qxa6 Nxa6 22. Be4 Bxf3 23. Bxf3 Rc2 24. g4 Bxd4 25. Bxb7 Nc5
26. Bb4 Rd8 27. Bf3 e5 28. a3 Ne6 29. Be4 Rxf2 30. Kh1 Rxf1+ 31. Rxf1 f6
32. h4 Bc5 33. Ba5 Rd4 34. Bf5 Nf4 35. Rc1 g6 36. Rxc5 gxf5 37. g5 Nd3 38.
Rc8+ Kg7 39. gxf6+ Kxf6 40. Rc6+ Kf7 41. Rh6 Ra4 42. Bd8 Rxa3 43. h5 Nf4
44. Bg5 Rh3+ 45. Kg1 Rg3+ 46. Kf2 Rxg5 47. Ra6 Rxh5 0-1

[Event "8th ch-Euro"]
[Site "Dresden GER"]
[Date "2007.04.07"]
[Round "5"]
[White "Kleinert,J"]
[Black "Ringoir,G"]
[Result "1-0"]
[WhiteElo "2060"]
[BlackElo "1949"]
[EventDate "2007.04.03"]

1. e4 c5 2. c3 g6 3. d4 cxd4 4. cxd4 d5 5. e5 Bg7 6. Nc3 Nc6 7. Be3 f6 8.
f4 Nh6 9. Be2 O-O 10. g4 fxe5 11. fxe5 Be6 12. h3 Qb6 13. Qd2 Nf7 14. Na4
Qb4 15. Nc5 Bc8 16. Nf3 Nfd8 17. Qxb4 Nxb4 18. Kd2 b6 19. Na4 Ba6 20. Bg5
Bxe2 21. Kxe2 e6 22. Be7 Nc2 23. Bxf8 Bxf8 24. Rac1 Nb4 25. a3 Nbc6 26. Rc2
Na5 27. h4 Nc4 28. Nd2 b5 29. Nc3 a6 30. a4 b4 31. Nxc4 dxc4 32. Ne4 Rc8
33. Rhc1 Nc6 34. Rxc4 Nxd4+ 35. Ke3 Rxc4 36. Rxc4 Nf3 37. Nf6+ Kf7 38. Rf4
Ne1 39. Ke4 Ng2 40. Rf2 1-0

[Event "8th ch-Euro"]
[Site "Dresden GER"]
[Date "2007.04.08"]
[Round "6"]
[White "Avrukh,B"]
[Black "Huzman,A"]
[Result "1/2-1/2"]
[WhiteElo "2644"]
[BlackElo "2591"]
[EventDate "2007.04.03"]

1. d4 Nf6 2. c4 g6 3. g3 c6 4. Nf3 Bg7 5. Bg2 d5 6. b3 O-O 7. O-O Bf5 8.
Bb2 Ne4 9. Nc3 Nxc3 10. Bxc3 Be4 11. e3 1/2-1/2

[Event "8th ch-Euro"]
[Site "Dresden GER"]
[Date "2007.04.08"]
[Round "6"]
[White "Sutovsky,E"]
[Black "Gustafsson,J"]
[Result "1/2-1/2"]
[WhiteElo "2629"]
[BlackElo "2584"]
[EventDate "2007.04.03"]

1. e4 e5 2. Nf3 Nc6 3. Bb5 a6 4. Ba4 Nf6 5. O-O Be7 6. Re1 b5 7. Bb3 O-O 8.
a4 b4 9. a5 d6 10. c3 Rb8 11. Bc4 Bb7 12. d4 bxc3 13. Nxc3 Nxd4 14. Nxd4
exd4 15. Qxd4 Nxe4 16. Rxe4 Bf6 17. Qd3 Bxc3 18. bxc3 d5 19. Rd4 dxc4 20.
Qg3 Qf6 21. Bf4 Rbe8 22. h3 Re4 23. Rad1 Rfe8 24. Rxe4 Bxe4 25. Rd4 h6 26.
Rxc4 c6 27. Be3 Qe5 28. Qxe5 1/2-1/2

[Event "8th ch-Euro"]
[Site "Dresden GER"]
[Date "2007.04.08"]
[Round "6"]
[White "Efimenko,Z"]
[Black "Shengelia,D"]
[Result "1/2-1/2"]
[WhiteElo "2616"]
[BlackElo "2523"]
[EventDate "2007.04.03"]

1. e4 c5 2. Nf3 d6 3. d4 cxd4 4. Nxd4 Nf6 5. Nc3 Nc6 6. Bg5 e6 7. Qd2 Be7
8. O-O-O Nxd4 9. Qxd4 O-O 10. f4 Qa5 11. Bc4 Bd7 12. e5 dxe5 13. fxe5 Bc6
14. Bd2 Nd7 15. Nd5 Qd8 16. Nxe7+ Qxe7 17. Rhe1 Nb6 18. Bf1 Rfd8 19. Qg4
Rac8 20. Bb4 Rxd1+ 21. Rxd1 Qe8 22. Bd2 h5 23. Qe2 Bd5 24. b3 Qc6 25. Bb4
Be4 26. c4 Bg6 27. Kb2 Nd7 28. Qe3 b6 29. Rd6 Qb7 30. Be2 Nc5 31. Bf3 Qe7
32. Qd2 Qh4 33. h3 Qg3 34. Bc3 Kh7 35. Qe2 Qg5 36. Ka3 Qf5 37. g4 hxg4 38.
hxg4 Qf4 39. Bd2 Qg3 40. Be1 Qf4 41. Bd2 Qg3 42. Qe3 Kg8 43. b4 Ne4 44.
Bxe4 Qxe3+ 45. Bxe3 Bxe4 46. Kb3 Rc7 47. b5 Bf3 48. Kb4 Bxg4 49. c5 bxc5+
50. Bxc5 a5+ 51. bxa6 Rc8 52. a7 Bf3 53. Rb6 Ra8 54. Rb8+ Kh7 55. a4 Kg6
56. a5 Kf5 57. Rxa8 Bxa8 58. Bd6 Ke4 59. Kc5 f6 60. exf6 gxf6 61. a6 Kd3
62. Be7 1/2-1/2

[Event "8th ch-Euro"]
[Site "Dresden GER"]
[Date "2007.04.08"]
[Round "6"]
[White "Azarov,S"]
[Black "Georgiev,Ki"]
[Result "0-1"]
[WhiteElo "2583"]
[BlackElo "2661"]
[EventDate "2007.04.03"]

1. e4 e5 2. Nf3 Nc6 3. Bb5 Nf6 4. d3 Bc5 5. c3 O-O 6. Bg5 d6 7. Nbd2 Bd7 8.
Ba4 h6 9. Bh4 g5 10. Bg3 Nh5 11. d4 exd4 12. Bxc6 bxc6 13. Nxd4 Nxg3 14.
hxg3 Qf6 15. Qh5 Kg7 16. O-O-O Rae8 17. f3 d5 18. g4 Rh8 19. Kb1 Bxd4 20.
cxd4 Qxd4 21. Qh2 Qe5 22. Qxe5+ Rxe5 23. Nc4 Re7 24. exd5 Re2 25. d6 cxd6
26. Rxd6 Be6 27. Na5 Rb8 28. b3 c5 29. Rc1 Rb5 30. Nc6 Rxg2 31. Nd8 Bxb3
32. axb3 Rxb3+ 33. Ka1 Ra3+ 34. Kb1 Rb3+ 35. Ka1 Rxf3 36. Rd7 Rxg4 37. Ne6+
Kg6 38. Nxc5 a5 39. Nd3 f6 40. Re1 Rgg3 0-1

[Event "8th ch-Euro"]
[Site "Dresden GER"]
[Date "2007.04.08"]
[Round "6"]
[White "Socko,B"]
[Black "Novikov,St"]
[Result "1-0"]
[WhiteElo "2629"]
[BlackElo "2535"]
[EventDate "2007.04.03"]

1. e4 c5 2. Nf3 d6 3. d4 cxd4 4. Nxd4 Nf6 5. Nc3 a6 6. Be3 e5 7. Nf3 Qc7 8.
a4 Be7 9. a5 Be6 10. Nd5 Nxd5 11. exd5 Bf5 12. Bd3 Bg6 13. Bxg6 hxg6 14.
O-O Nd7 15. Qe2 f5 16. c4 Rh5 17. Nd2 Kf7 18. h3 Rah8 19. b4 g5 20. f3 Nf6
21. Rad1 Qd7 22. Bb6 Rh4 23. Bf2 R4h6 24. c5 Nh5 25. cxd6 Nf4 26. Qxe5 Bf6
27. Nc4 Qb5 28. Qxf5 Qxc4 29. Rfe1 Rd8 30. h4 Rxd6 31. hxg5 Ne2+ 32. Rxe2
Qxe2 33. Rc1 g6 34. Qf4 Qb2 35. gxh6 Rxd5 36. Qc7+ Kg8 37. Qc8+ Rd8 38.
Qe6+ Kh8 39. Re1 Rf8 40. Qd6 Rf7 41. Qd5 Rf8 42. Bc5 Qc3 43. Re3 Qa1+ 44.
Kh2 Rg8 45. Qf7 Bd4 46. Re7 1-0

[Event "8th ch-Euro"]
[Site "Dresden GER"]
[Date "2007.04.08"]
[Round "6"]
[White "Sakaev,K"]
[Black "Werle,J"]
[Result "1/2-1/2"]
[WhiteElo "2641"]
[BlackElo "2566"]
[EventDate "2007.04.03"]

1. Nf3 f5 2. d4 Nf6 3. g3 g6 4. Bg2 Bg7 5. b4 Nc6 6. c3 d5 7. O-O O-O 8.
Nbd2 Ne4 9. Bb2 Be6 10. Nb3 Qe8 11. Nfd2 Bf7 12. f4 a5 13. a3 a4 14. Nc1
1/2-1/2

[Event "8th ch-Euro"]
[Site "Dresden GER"]
[Date "2007.04.08"]
[Round "6"]
[White "Postny,E"]
[Black "Bobras,P"]
[Result "1/2-1/2"]
[WhiteElo "2616"]
[BlackElo "2542"]
[EventDate "2007.04.03"]

1. d4 Nf6 2. c4 g6 3. Nc3 d5 4. cxd5 Nxd5 5. Bd2 Nb6 6. Bg5 Bg7 7. e3 h6 8.
Bh4 O-O 9. Rc1 g5 10. Bg3 c5 11. Nf3 cxd4 12. Nxd4 Nc6 13. Nxc6 Qxd1+ 14.
Nxd1 bxc6 15. Be2 1/2-1/2

[Event "8th ch-Euro"]
[Site "Dresden GER"]
[Date "2007.04.08"]
[Round "6"]
[White "Zelcic,R"]
[Black "Riazantsev,A"]
[Result "0-1"]
[WhiteElo "2557"]
[BlackElo "2629"]
[EventDate "2007.04.03"]

1. e4 e6 2. d4 d5 3. Nc3 Nf6 4. e5 Nfd7 5. f4 c5 6. Nf3 Nc6 7. Be3 Be7 8.
Qd2 O-O 9. Be2 a6 10. O-O b5 11. Nd1 b4 12. c3 a5 13. dxc5 Nxc5 14. Nf2 Bb7
15. Rfd1 Qb8 16. Qc2 bxc3 17. bxc3 Qc8 18. Kh1 h6 19. Rac1 Ba6 20. Bxa6
Qxa6 21. f5 exf5 22. Qxf5 Ne6 23. Ng4 Qc4 24. Nd4 Ncxd4 25. cxd4 Qxa2 26.
Ra1 Qb2 27. Rab1 Qa2 28. Bxh6 Rab8 29. Ra1 Qe2 30. Rd2 Qe4 31. Qxe4 dxe4
32. Be3 Bb4 33. Rdd1 Bc3 34. Ra4 Rb4 35. Rxb4 axb4 36. d5 Rd8 37. Nf2 Nc7
38. d6 Ne6 39. Nxe4 Bxe5 40. d7 Bd4 41. Bd2 b3 42. Rb1 f5 43. Ng3 b2 44.
Ne2 Ra8 45. Bc3 Ra1 46. Rxa1 bxa1=Q+ 47. Bxa1 Bxa1 48. h3 Be5 49. g4 f4 50.
Kg2 Kf7 51. Kf3 Ke7 52. h4 Kxd7 53. Ke4 Kd6 54. Ng1 Nd4 55. h5 f3 56. Nh3
Bg3 57. h6 g6 58. h7 Be5 59. Ng5 Bg7 60. Ke3 Ke7 61. Ne4 Be5 62. Kf2 Kf8
63. Ke3 Kg7 0-1

[Event "8th ch-Euro"]
[Site "Dresden GER"]
[Date "2007.04.08"]
[Round "6"]
[White "Bocharov,D"]
[Black "Kuzubov,Y"]
[Result "1/2-1/2"]
[WhiteElo "2602"]
[BlackElo "2554"]
[EventDate "2007.04.03"]

1. d4 Nf6 2. c4 e6 3. Nf3 Bb4+ 4. Nbd2 b6 5. a3 Bxd2+ 6. Qxd2 Bb7 7. e3 O-O
8. Be2 d6 9. O-O Nbd7 10. b4 Ne4 11. Qc2 f5 12. Bb2 a5 13. d5 e5 14. Rfd1
Qe7 15. g3 c6 16. Nh4 cxd5 17. cxd5 Rfc8 18. Qd3 g6 19. Rac1 Nef6 20. Qb3
axb4 21. axb4 Rxc1 22. Bxc1 Rc8 23. Bb2 Qf7 24. Bc4 b5 25. Bxb5 Nb6 26. Ra1
Ne4 27. Ra7 Qxd5 28. Qxd5+ Bxd5 29. Bd3 Nd2 30. Ra6 Nbc4 31. Bc3 Ne4 32.
Be1 Nb2 1/2-1/2

[Event "8th ch-Euro"]
[Site "Dresden GER"]
[Date "2007.04.08"]
[Round "6"]
[White "Arutinian,D"]
[Black "Kozul,Z"]
[Result "1/2-1/2"]
[WhiteElo "2552"]
[BlackElo "2616"]
[EventDate "2007.04.03"]

1. d4 Nf6 2. c4 g6 3. Nc3 Bg7 4. e4 d6 5. Nf3 O-O 6. h3 e5 7. d5 a5 8. Bg5
Na6 9. Nd2 Qe8 10. Be2 Kh8 11. h4 Ng8 12. h5 f5 13. Bf3 Bf6 14. Bxf6+ Nxf6
15. hxg6 Qxg6 16. Qe2 Nc5 17. O-O-O Rf7 18. Rh2 fxe4 19. Ndxe4 Nfxe4 20.
Nxe4 Nxe4 21. Bxe4 Bf5 22. Bxf5 Qxf5 23. Rdh1 Rg8 24. g3 Rgg7 25. b3 b6 26.
Kb2 a4 27. Ka3 axb3 28. axb3 Rf8 29. Kb4 e4 30. Rh5 Qxf2 31. Qxf2 Rxf2 32.
Re1 Rxg3 33. Rxe4 Rf7 34. Ka4 Kg7 35. Reh4 Kg8 36. b4 Rg6 1/2-1/2

[Event "8th ch-Euro"]
[Site "Dresden GER"]
[Date "2007.04.08"]
[Round "6"]
[White "Predojevic,B"]
[Black "Dizdar,G"]
[Result "1/2-1/2"]
[WhiteElo "2587"]
[BlackElo "2541"]
[EventDate "2007.04.03"]

1. g3 d5 2. Bg2 c6 3. Nf3 Bg4 4. O-O Nd7 5. d4 e6 6. Nbd2 Ngf6 7. Re1 Be7
8. e4 O-O 9. c3 Bh5 10. h4 c5 11. e5 Ne8 12. Nf1 cxd4 13. cxd4 Rc8 14. Bh3
Qb6 15. Re3 Rc6 16. Rb3 Qc7 17. Bd2 Nb6 18. Ba5 Qd7 19. Bxb6 axb6 20. Ne3
Bxf3 21. Qxf3 Nc7 22. a3 b5 23. Qe2 b4 24. axb4 Rb6 25. Qd2 Ra6 26. Rc1 Ra4
27. Bf1 b5 28. Qc2 Na6 29. Qc6 Qxc6 30. Rxc6 Nxb4 31. Rc7 Bd8 32. Rc1 Na2
33. Ra1 b4 34. Bd3 h5 35. f4 g6 36. Nc2 Ra8 37. Rb1 1/2-1/2

[Event "8th ch-Euro"]
[Site "Dresden GER"]
[Date "2007.04.08"]
[Round "6"]
[White "Laznicka,V"]
[Black "Georgiev,Vl"]
[Result "1-0"]
[WhiteElo "2593"]
[BlackElo "2525"]
[EventDate "2007.04.03"]

1. e4 e5 2. Nf3 Nc6 3. Bb5 a6 4. Bxc6 dxc6 5. O-O f6 6. d4 exd4 7. Nxd4 c5
8. Ne2 Qxd1 9. Rxd1 Bd7 10. Nbc3 O-O-O 11. Be3 Re8 12. Rd2 Bc6 13. Rad1 b6
14. f3 Ne7 15. Nf4 Ng6 16. Nxg6 hxg6 17. Bf4 Be7 18. Nd5 Bd8 19. Ne3 g5 20.
Bg3 g6 21. Bf2 Rh7 22. g4 c4 23. Kg2 b5 24. c3 Bd7 25. Bg3 Be6 26. a4 Rd7
27. axb5 Rxd2+ 28. Rxd2 axb5 29. h4 f5 30. gxf5 gxf5 31. hxg5 Bxg5 32. f4
Bf6 33. Nxf5 Bxf5 34. exf5 b4 35. cxb4 c3 36. bxc3 Bxc3 37. Rd3 Bxb4 38. f6
Rd8 39. Re3 Rf8 40. Bh4 Kd7 41. Kf3 c5 42. Ke4 Rf7 1-0

[Event "8th ch-Euro"]
[Site "Dresden GER"]
[Date "2007.04.08"]
[Round "6"]
[White "Naumann,A"]
[Black "Nijboer,F"]
[Result "1/2-1/2"]
[WhiteElo "2549"]
[BlackElo "2638"]
[EventDate "2007.04.03"]

1. e4 e5 2. Nf3 Nc6 3. Bb5 a6 4. Ba4 Nf6 5. O-O Bc5 6. Bxc6 dxc6 7. d3 Qe7
8. Nbd2 Bg4 9. Nc4 Nd7 10. Be3 f6 11. Bxc5 Nxc5 12. Ne3 Bxf3 13. Qxf3 Ne6
14. c3 g6 15. Rfd1 1/2-1/2

[Event "8th ch-Euro"]
[Site "Dresden GER"]
[Date "2007.04.08"]
[Round "6"]
[White "Golod,V"]
[Black "Pashikian,A"]
[Result "1/2-1/2"]
[WhiteElo "2597"]
[BlackElo "2532"]
[EventDate "2007.04.03"]

1. d4 Nf6 2. c4 e6 3. Nc3 Bb4 4. Qc2 d5 5. a3 Bxc3+ 6. Qxc3 Ne4 7. Qc2 c5
8. dxc5 Nc6 9. e3 Qa5+ 10. Bd2 Nxd2 11. Qxd2 dxc4 12. Qxa5 Nxa5 13. Rc1 b5
14. cxb6 Bb7 15. Nf3 Ke7 16. bxa7 Bxf3 17. gxf3 Rxa7 18. Rg1 Rb8 19. Rxg7
Rxb2 20. Bxc4 Nxc4 21. Rxc4 Rxa3 22. Rc7+ Kd6 23. Rc1 Raa2 24. Rg2 f5 25.
Rd1+ Ke5 26. f4+ Kf6 27. Kf1 e5 28. fxe5+ Kxe5 29. h3 f4 30. exf4+ Kxf4 31.
Kg1 Rd2 32. Rg4+ Kf3 33. Rg3+ Kf4 34. Rf1 Ra6 35. Rb1 Rg6 36. Rb4+ Kf5 37.
Rb5+ Kf4 38. Rb4+ Kf5 39. Rgg4 Rxg4+ 40. Rxg4 Ra2 41. Rg7 h6 42. Kg2 Ra3
43. Rg3 Ra1 44. Rb3 Rc1 45. Rb5+ Kf4 46. Rh5 1/2-1/2

[Event "8th ch-Euro"]
[Site "Dresden GER"]
[Date "2007.04.08"]
[Round "6"]
[White "Gajewski,G"]
[Black "Bartel,Mat"]
[Result "1-0"]
[WhiteElo "2540"]
[BlackElo "2587"]
[EventDate "2007.04.03"]

1. d4 Nf6 2. c4 e6 3. Nf3 b6 4. g3 Ba6 5. b3 d5 6. Bg2 Bb4+ 7. Bd2 Bxd2+ 8.
Nbxd2 O-O 9. Ne5 c5 10. dxc5 bxc5 11. O-O Qd6 12. Ndf3 Nc6 13. Nxc6 Qxc6
14. Qc2 Qb6 15. cxd5 exd5 16. Rfc1 Rac8 17. Bh3 Rc7 18. e3 Bc8 19. Bg2 Be6
20. Nd4 Rfc8 21. Nxe6 fxe6 22. Qd3 c4 23. bxc4 dxc4 24. Qc3 Nd5 25. Qe5 c3
26. Rab1 Qc6 27. Rb3 c2 28. Bh3 Kf7 29. Rxc2 Qa6 30. Bf1 Qxf1+ 31. Kxf1
Rxc2 32. Rb7+ R8c7 33. Qh5+ Kf6 34. Rxc7 Nxc7 35. Qh4+ Kf7 36. Qxh7 Rxa2
37. Qb1 1-0

[Event "8th ch-Euro"]
[Site "Dresden GER"]
[Date "2007.04.08"]
[Round "6"]
[White "Nataf,IA"]
[Black "Rodshtein,M"]
[Result "1/2-1/2"]
[WhiteElo "2589"]
[BlackElo "2520"]
[EventDate "2007.04.03"]

1. e4 e6 2. d4 d5 3. Nc3 Bb4 4. exd5 exd5 5. Bd3 c6 6. Nge2 Nf6 7. O-O O-O
8. Ng3 Re8 9. Bg5 h6 10. Bd2 Nbd7 11. a3 Ba5 12. Re1 Rxe1+ 13. Qxe1 Bc7 14.
Nf5 Nf8 15. Ne7+ Kh8 16. Nxc8 Qxc8 17. Qe7 Qd7 18. Qxd7 N6xd7 19. Ne2 Ne6
20. Be3 Nf6 21. f3 Rd8 22. Kf2 h5 23. Bf5 Re8 24. g3 g6 25. Bh3 Kg7 26. a4
Nd7 27. Nc1 f5 28. Nd3 Bb6 29. Re1 Kf7 30. c3 c5 31. dxc5 Nexc5 32. Nxc5
Nxc5 33. Bxc5 Bxc5+ 34. Kf1 Rxe1+ 35. Kxe1 d4 36. cxd4 Bxd4 37. b3 1/2-1/2

[Event "8th ch-Euro"]
[Site "Dresden GER"]
[Date "2007.04.08"]
[Round "6"]
[White "Vitiugov,N"]
[Black "Pert,N"]
[Result "1-0"]
[WhiteElo "2604"]
[BlackElo "2518"]
[EventDate "2007.04.03"]

1. e4 e6 2. d4 d5 3. Nc3 Bb4 4. e5 c5 5. a3 Bxc3+ 6. bxc3 Ne7 7. Qg4 Qc7 8.
Qxg7 Rg8 9. Qxh7 cxd4 10. Ne2 Nbc6 11. f4 dxc3 12. Qd3 Nf5 13. Qxc3 d4 14.
Qd3 b6 15. Rg1 Bb7 16. g4 Nh4 17. Rg3 O-O-O 18. Bd2 Kb8 19. Bb4 Ng6 20. Qd2
Ncxe5 21. fxe5 Nxe5 22. Qf4 Ka8 23. Be7 Rd5 24. Bf6 Qxc2 25. Bxe5 d3 26.
Rd1 dxe2 27. Bxe2 Rgd8 28. Rxd5 Rxd5 29. Rc3 Qh7 30. Bf3 Qh4+ 31. Kf1 Qh3+
32. Kf2 Qh4+ 33. Kg2 Qe1 34. Bxd5 Bxd5+ 35. Kh3 1-0

[Event "8th ch-Euro"]
[Site "Dresden GER"]
[Date "2007.04.08"]
[Round "6"]
[White "Iordachescu,V"]
[Black "Slobodjan,R"]
[Result "1-0"]
[WhiteElo "2563"]
[BlackElo "2525"]
[EventDate "2007.04.03"]

1. e4 e5 2. Nf3 Nc6 3. Bb5 a6 4. Ba4 Nf6 5. O-O Be7 6. Re1 b5 7. Bb3 d6 8.
c3 O-O 9. h3 Nb8 10. d4 Nbd7 11. Nbd2 Bb7 12. Bc2 Re8 13. b4 Bf8 14. Bb2
Nb6 15. Qb1 Nh5 16. a4 Nxa4 17. Bxa4 bxa4 18. c4 exd4 19. Bxd4 Bc6 20. Qc2
Nf4 21. Re3 Ne6 22. Bc3 Bd7 23. e5 Bc6 24. Rd1 Qc8 25. Ne4 h6 26. exd6 Bxe4
27. Rxe4 cxd6 28. Nh4 a3 29. Nf5 Ng5 30. Rg4 a2 31. f4 g6 32. Ng3 Re3 33.
fxg5 Rxc3 34. Qxc3 Bg7 35. Qa3 h5 36. Rh4 a5 37. Qxa2 axb4 38. Qf2 b3 39.
Rf4 Qc7 40. Qf3 Qa7+ 41. Kh1 b2 42. Re4 h4 43. Re7 1-0

[Event "8th ch-Euro"]
[Site "Dresden GER"]
[Date "2007.04.08"]
[Round "6"]
[White "Mista,A"]
[Black "Babula,V"]
[Result "1/2-1/2"]
[WhiteElo "2542"]
[BlackElo "2584"]
[EventDate "2007.04.03"]

1. e4 c5 2. Nf3 d6 3. d4 cxd4 4. Nxd4 Nf6 5. Nc3 e6 6. Be2 Be7 7. f4 Nc6 8.
Be3 Bd7 9. Ndb5 Rb8 10. a4 O-O 11. O-O a6 12. Na3 Na5 13. Qd3 Qc7 14. Bd4
Nc6 15. Bf2 d5 16. e5 Ne8 17. Qh3 g6 18. Bg4 Rd8 19. Ne2 Ng7 20. Qb3 Rc8
21. Bb6 Qb8 22. c3 Bd8 23. Bf2 f6 24. exf6 Ne8 25. Nd4 Nxd4 26. Bxd4 Nxf6
27. Bf3 Bc7 28. g3 Bd6 29. Rae1 Rce8 30. Nc2 Bc6 31. Nb4 Qc7 32. Re2 a5 33.
Nxc6 bxc6 34. Rfe1 Kf7 35. Qd1 Re7 36. h4 Rfe8 37. h5 e5 38. hxg6+ hxg6 39.
fxe5 Bxe5 40. Bxe5 Rxe5 41. Rxe5 1/2-1/2

[Event "8th ch-Euro"]
[Site "Dresden GER"]
[Date "2007.04.08"]
[Round "6"]
[White "Jovanovic,Zo CRO"]
[Black "Minasian,Art"]
[Result "1/2-1/2"]
[WhiteElo "2557"]
[BlackElo "2595"]
[EventDate "2007.04.03"]

1. e4 c6 2. d4 d5 3. Nc3 dxe4 4. Nxe4 Bf5 5. Nc5 Qc7 6. Bd3 Bg6 7. Nf3 e6
8. Nb3 Nd7 9. O-O Ngf6 10. Re1 Bd6 11. Qe2 Bh5 12. h3 O-O 13. Bg5 Nd5 14.
Nbd2 h6 15. Be3 Nb4 16. c4 Nxd3 17. Qxd3 Bg6 18. Qc3 Rfb8 19. b4 b5 20. c5
Bf8 21. a4 a6 22. Ra3 Nf6 23. Rea1 Nd5 24. Qb3 Qb7 25. axb5 axb5 26. Ra5
Rxa5 27. Rxa5 Ra8 28. Qa3 Rxa5 29. Qxa5 f6 30. Nf1 Be4 31. N1d2 Bc2 32. Ne1
Bg6 33. Nb3 Qd7 34. Bd2 Ne7 35. Qa1 Be4 36. Qc3 Nf5 37. f3 Bd5 38. Na5 Be7
39. Nc2 Bd8 40. Ne3 Ng3 41. Qd3 Bc7 42. Be1 Nf5 43. Nxd5 Qxd5 44. Qe4 Nxd4
45. Bf2 Be5 46. Qxd5 cxd5 47. Bxd4 Bxd4+ 48. Kf1 Kf8 49. Nc6 Bc3 50. Ke2
Ke8 51. Kd3 Kd7 52. Nb8+ Kc7 53. Na6+ Kb7 54. Kxc3 Kxa6 55. Kd4 g5 56. g3
Kb7 57. f4 gxf4 58. gxf4 Kc6 59. h4 h5 60. Ke3 e5 61. fxe5 fxe5 62. Kd3 d4
63. Ke4 Kd7 64. Kd3 Kc7 65. Ke4 Kc6 66. Kd3 Kd5 67. Kd2 e4 68. Ke2 Ke5 69.
Kd2 e3+ 70. Kd3 Kd5 71. Ke2 Ke4 72. c6 d3+ 73. Ke1 Kf3 74. c7 d2+ 75. Kd1
e2+ 76. Kxd2 Kf2 77. c8=Q e1=Q+ 78. Kc2 Qe2+ 79. Kc1 Kf3 80. Qb8 Qc4+ 81.
Kb1 Qxb4+ 1/2-1/2

[Event "8th ch-Euro"]
[Site "Dresden GER"]
[Date "2007.04.08"]
[Round "6"]
[White "Nevednichy,V"]
[Black "Markowski,T"]
[Result "1/2-1/2"]
[WhiteElo "2567"]
[BlackElo "2553"]
[EventDate "2007.04.03"]

1. e4 c5 2. Nf3 e6 3. d4 cxd4 4. Nxd4 a6 5. Bd3 Nf6 6. O-O d6 7. c4 b6 8.
Nc3 Bb7 9. f4 g6 10. Nf3 Bg7 11. Qe2 Nbd7 12. Bd2 O-O 13. Kh1 Qc7 14. Rae1
Rac8 15. Ng5 Rfd8 16. b4 h6 17. Nh3 Re8 18. a3 Nh7 19. Nd1 f5 20. Nhf2 Nhf8
21. Qe3 fxe4 22. Bxe4 Bxe4 23. Nxe4 d5 24. cxd5 exd5 25. Qb3 Qc4 26. Qxc4
Rxc4 27. Nec3 Rxe1 28. Rxe1 Rd4 29. Bc1 Rd3 30. Ne2 Rb3 31. Nf2 Bb2 32.
Bxb2 Rxb2 33. Kg1 Ne6 34. Nd3 Rd2 35. Nec1 Nd4 36. Nf2 Kf7 37. Rd1 Rxd1+
38. Nxd1 Nc2 39. Nc3 Ke6 40. Nb1 Kf5 41. g3 Nf6 42. Kf2 Ke4 43. h3 d4 44.
Ke2 Nh5 45. Nd2+ Kd5 46. Kd3 Nxa3 47. Ne2 g5 48. fxg5 hxg5 49. Nxd4 Nxg3
50. N4f3 Nh5 1/2-1/2

[Event "8th ch-Euro"]
[Site "Dresden GER"]
[Date "2007.04.08"]
[Round "6"]
[White "Murariu,A"]
[Black "Savchenko,B"]
[Result "1-0"]
[WhiteElo "2501"]
[BlackElo "2562"]
[EventDate "2007.04.03"]

1. e4 c5 2. Nf3 Nc6 3. d4 cxd4 4. Nxd4 Nf6 5. Nc3 d6 6. Bg5 g6 7. Bxf6 exf6
8. Bb5 Bd7 9. O-O a6 10. Bxc6 bxc6 11. Qd3 Qb6 12. b3 Rd8 13. Rad1 Bg7 14.
Kh1 O-O 15. f4 Rfe8 16. f5 a5 17. Na4 Qb8 18. c4 Qc7 19. Nc3 Bc8 20. Qg3
Bb7 21. h4 Qe7 22. Nf3 Rd7 23. h5 Qd8 24. Rd3 Kh8 25. hxg6 fxg6 26. fxg6
Bh6 27. Rfd1 hxg6 28. Rxd6 Qb8 29. Qxg6 Rh7 30. Rd7 Bg7+ 31. Kg1 Rg8 32.
Kf1 Ba6 33. e5 Rh6 34. Qe4 fxe5 35. Ng5 Rf8+ 36. Ke2 Qe8 37. Nf7+ Rxf7 38.
Rd8 Rf8 39. Rxe8 Rxe8 40. Rd7 Bc8 41. Rc7 Rf8 42. Rxc6 Bg4+ 43. Qxg4 Rxc6
44. Nd5 a4 45. Qd7 1-0

[Event "8th ch-Euro"]
[Site "Dresden GER"]
[Date "2007.04.08"]
[Round "6"]
[White "Iotov,V"]
[Black "Van den Doel,E"]
[Result "0-1"]
[WhiteElo "2505"]
[BlackElo "2581"]
[EventDate "2007.04.03"]

1. d4 Nf6 2. c4 e6 3. Nc3 Bb4 4. e3 b6 5. Bd3 Bb7 6. Nf3 Ne4 7. O-O Bxc3 8.
bxc3 f5 9. Ne1 O-O 10. f3 Ng5 11. a4 Nc6 12. Ba3 Rf6 13. Qe2 Qe8 14. d5 Ne7
15. e4 fxe4 16. fxe4 Rxf1+ 17. Qxf1 Ng6 18. Nc2 Ne5 19. h4 Ngf7 20. Be2 c5
21. dxc6 Bxc6 22. Nd4 Bxe4 23. Qf4 Bd3 24. Bxd3 Nxd3 25. Qg3 Nfe5 26. Bd6
Nxc4 27. Nb5 Qg6 28. Qf3 Re8 29. Rf1 h5 30. Qb7 a6 31. Nc7 Nxd6 32. Qxb6
Nc4 33. Qd4 Rc8 34. Qxc4 Qg3 35. Rf3 Qe1+ 36. Rf1 Qe3+ 37. Kh2 Ne5 0-1

[Event "8th ch-Euro"]
[Site "Dresden GER"]
[Date "2007.04.08"]
[Round "6"]
[White "Jobava,Ba"]
[Black "Shanava,K"]
[Result "1/2-1/2"]
[WhiteElo "2650"]
[BlackElo "2513"]
[EventDate "2007.04.03"]

1. d4 Nf6 2. c4 e6 3. Nf3 b6 4. g3 Ba6 5. Qc2 c5 6. d5 exd5 7. cxd5 Bb7 8.
e4 Qe7 9. Bd3 Nxd5 10. a3 Nc6 11. O-O Nc7 12. Nc3 Qd8 13. Be3 Be7 14. Rad1
Ne6 15. Bc4 O-O 16. e5 Ned4 17. Nxd4 Nxe5 18. Bd5 Bxd5 19. Nxd5 cxd4 20.
Bxd4 Nf3+ 21. Kg2 Nxd4 22. Rxd4 Bf6 23. Rc4 d6 24. Rc1 Bg5 25. f4 Bf6 26.
b4 Qd7 27. f5 Bg5 28. Rc7 Qe8 29. Rd1 Rc8 30. h4 Bf6 31. Rxc8 Qxc8 32. Rc1
Qd7 33. Qd3 Rc8 34. Qb5 Qd8 35. Re1 h6 36. Kh3 Be5 37. Qa6 Kh8 38. Qxa7 Ra8
39. Qxf7 Rxa3 40. Re3 Rxe3 41. Nxe3 Qa8 42. Qd5 Qa1 43. Qc6 Qe1 44. Qe8+
Kh7 45. Qg6+ Kh8 1/2-1/2

[Event "8th ch-Euro"]
[Site "Dresden GER"]
[Date "2007.04.08"]
[Round "6"]
[White "David,Alb"]
[Black "Gashimov,V"]
[Result "0-1"]
[WhiteElo "2528"]
[BlackElo "2658"]
[EventDate "2007.04.03"]

1. e4 c5 2. Nf3 d6 3. d4 cxd4 4. Nxd4 Nf6 5. Nc3 g6 6. Be2 Bg7 7. O-O O-O
8. Be3 Nc6 9. Kh1 Bd7 10. f4 Rc8 11. Nb3 a6 12. a4 Be6 13. f5 Bd7 14. Qe1
Ne5 15. Qh4 Kh8 16. Nd4 Qb6 17. Rab1 Qb4 18. Nd5 Nxd5 19. exd5 Bf6 20. Qf2
gxf5 21. c3 Qa5 22. Nxf5 Bxf5 23. Qxf5 Qxa4 24. Bd4 Rg8 25. Bd3 Nxd3 26.
Bxf6+ exf6 27. Qxd3 Rg6 28. Rbe1 Re8 29. Re2 Kg7 30. Rxe8 Qxe8 31. Qd2 Rg5
32. Qf2 Qe5 33. h3 b5 34. Qf3 a5 35. Qf2 b4 36. cxb4 axb4 37. Qd2 Rg3 38.
Re1 Qg5 39. Qxg5+ fxg5 40. Kg1 0-1

[Event "8th ch-Euro"]
[Site "Dresden GER"]
[Date "2007.04.08"]
[Round "6"]
[White "Dziuba,M"]
[Black "Balogh,C"]
[Result "1/2-1/2"]
[WhiteElo "2525"]
[BlackElo "2616"]
[EventDate "2007.04.03"]

1. d4 Nf6 2. c4 c5 3. d5 b5 4. Nf3 Bb7 5. Qc2 bxc4 6. e4 e6 7. Bxc4 exd5 8.
exd5 Qe7+ 9. Kd1 Qe6 10. Re1 Be7 11. Bg5 Bxd5 12. Bxd5 Nc6 13. Bxf6 Qxd5+
14. Qd2 Qxd2+ 15. Nfxd2 gxf6 16. Nc3 Nb4 17. a3 Nd3 18. Re2 Nf4 19. Re4 Ne6
20. Rc1 Nc7 21. Na4 d6 22. Nf1 f5 23. Re2 Kd7 24. Ng3 f4 25. Nf5 Ne6 26.
Rd2 Rac8 27. Nc3 Rhg8 28. Nd5 Bd8 29. Nxd6 Kxd6 30. Nf6+ Kc7 31. Nxg8 f3
32. gxf3 Bg5 33. f4 Bxf4 34. Nf6 Bxd2 1/2-1/2